[Event "IECC M email"]
[Site "IECC email"]
[Date "1998.05.09"]
[Round "?"]
[White "Bezold, Brian"]
[Black "Allwardt, David Lawrence"]
[Result "1-0"]
[WhiteElo "1355"]
[BlackElo "1248"]
[PlyCount "35"]
[EventDate "1998.??.??"]
[EventType "tourn (corr)"]
[EventRounds "12"]
[SourceTitle "Corr 2008"]
[Source "ChessBase"]
[SourceDate "2008.06.24"]
[SourceVersion "1"]
[SourceVersionDate "2008.06.24"]
[SourceQuality "1"]

1. e4 e6 2. d4 d5 3. e5 c5 4. c3 Nc6 5. Nf3 g6 6. Be2 c4 7. Nbd2 Bg7 8. Nf1 Nge7 9. Bf4 0-0 10. Qd2 Nf5 11. Ng3 Nce7 12. Bg5 f6 13. exf6 Bxf6 14. Bxf6 Rxf6 15. Qg5 Kf7 16. Ne5+ Kg7 17. Nh5+ Kf8 18. Qxf6+ 1-0